000 00519nam a2200205Ia 4500
005 20250923144349.0
008 008 250917s9999 xx 000 0 eng d
037 _aTextual
040 _aDSWL
_beng
_cDSWL
041 _aeng
_2eng
084 _aS8, H9
_qDSWL
100 _aLapiere
_9824117
245 0 _aSocial psychology
_cby Lapiere
260 _aNew York
_c1947
365 _aUSD
_b4.5
700 _a Farnsworth
_9824118
925 _g4.5
942 _cTEXL
_hS8, H9
999 _c1437928
_d1437928